Floors and contract carpeting.

Bibliographic Details
Format: Journal
Language:English
Published: Caterham [England] : R. Skyme.
Subjects:

MARC

Tag First Indicator Second Indicator Subfields
LEADER 00000cas a2200000 4500
001 in00000041385
005 20151007072557.0
008 800606c19719999enkuu p 0uuua0eng d
035 |a (OCoLC)06394097 
035 |9 AAE8148AM 
040 |a TXA  |c TXA  |d UtOrBLW 
049 |a TXAE 
090 |a TS1772  |b .F46 
245 0 0 |a Floors and contract carpeting. 
264 1 |a Caterham [England] :  |b R. Skyme. 
300 |a  numbers :  |b illustrations 
336 |a text  |b txt  |2 rdacontent 
337 |a unmediated  |b n  |2 rdamedia 
338 |a volume  |b nc  |2 rdacarrier 
362 0 |a no. 1- Mar./Apr. 1971- 
650 0 |a Floor coverings  |x Periodicals. 
650 0 |a Rug and carpet industry  |z Great Britain  |x Periodicals. 
999 |a MARS 
999 f f |s c99cd714-b657-3ea8-b16c-6b58db5ca72d  |i 6cb6c4c5-1190-3f84-bc56-98399e5752cb  |t 0 
952 f f |p ric  |a Texas A&M University  |b Rellis Campus  |c Joint Library Facility  |d Remote Storage  |t 0  |e TS1772 .F46  |h Library of Congress classification  |i unmediated -- volume  |k no.2-3  |l 1971  |m A14842252901 
998 f f |a TS1772 .F46  |t 0  |l Remote Storage